Lettre a Mr. d'Alembert sur les spectacles /

Saved in:
Bibliographic Details
Main Author: Rousseau, Jean-Jacques, 1712-1778
Other Authors: Alembert, Jean Le Rond d', 1717-1783
Format: Book
Language:French
Published: Geneve : Droz, 1948.
Series:Textes littéraires français ;
Subjects:
LEADER 00866nam a22002171 4500
001 c000209595
003 CARM
005 20021125002200.0
008 870210s1948 sz 0 fre d
019 1 |a 5227785  |5 LACONCORD2021 
035 |a (OCoLC)219868650  |5 LACONCORD2021 
100 1 |a Rousseau, Jean-Jacques,  |d 1712-1778. 
245 1 0 |a Lettre a Mr. d'Alembert sur les spectacles /  |c de J.J.Rousseau. Ed. critique par M.Fuchs. 
260 |a Geneve :  |b Droz,  |c 1948. 
440 0 |a Textes littéraires français ; 
650 0 |a Theater  |x Moral and ethical aspects. 
700 1 |a Alembert, Jean Le Rond d',  |d 1717-1783. 
852 8 |b CARM  |h A2:AM06A0  |i A03293  |p 0296278  |f BK 
082 0 4 |a 792.09 
999 f f |i b8f47bb4-7d97-59d5-a5a3-448c50497486  |s ced6e46b-3dde-54e0-8d4b-aedb3bd8a0cb 
952 f f |p Can circulate  |a CAVAL  |b CAVAL  |c CAVAL  |d CARM 1 Store  |e A03293  |f A2:AM06A0  |h Other scheme  |i book  |m 0296278